[Event "D18blitz"]
[Site "?"]
[Date "2020.08.27"]
[Round "1.1"]
[White "Orlik, Sandra"]
[Black "Kucharska, Honorata"]
[Result "0-1"]
[BlackElo "2038"]
[WhiteElo "1515"]
[LiveChessVersion "1.4.4"]

1. d4 Nf6 2. c4 e6 3. Nc3 d5 4. cxd5 exd5 5. Bg5 c6 6. e3 Be7 7. Bd3 O-O 8. Qc2
h6 9. Bh4 Nh5 10. Bxe7 Qxe7 11. Nge2 Re8 12. h3 Nd7 13. g4 Nhf6 14. O-O-O b5 15.
Rdg1 Ne4 16. Nd1 Bb7 17. f3 Nf2 18. Rh2 Nxd1 19. Kxd1 Qxe3 20. f4 a6 21. g5 h5
22. g6 f6 23. Bf5 Nf8 24. Rg3 Qe7 25. h4 Bc8 26. Bxc8 Raxc8 27. Rhh3 c5 28. Re3
Qd7 29. dxc5 Rxe3 30. Rxe3 Qg4 31. b4 Nxg6 32. Qd3 Nxf4 33. Qd4 Nxe2 34. Qxg4
hxg4 35. Rxe2 0-1

[Event "D18blitz"]
[Site "?"]
[Date "2020.08.27"]
[Round "1.2"]
[White "Vanduyfhuys, Daria"]
[Black "Wolagiewicz, Kinga"]
[Result "1-0"]
[BlackElo "1510"]
[WhiteElo "1844"]
[LiveChessVersion "1.4.4"]

1. d4 {[%clk 0:03:03]} d5 {[%clk 0:03:04]} 2. c4 {[%clk 0:03:04]} e6
{[%clk 0:03:05]} 3. Nf3 {[%clk 0:03:05]} Nf6 {[%clk 0:03:06]} 4. Nc3
{[%clk 0:03:06]} c6 {[%clk 0:03:07]} 5. Bg5 {[%clk 0:03:06]} Nbd7
{[%clk 0:03:08]} 6. e3 {[%clk 0:03:07]} Qa5 {[%clk 0:03:09]} 7. cxd5
{[%clk 0:03:04]} cxd5 {[%clk 0:03:01]} 8. Nd2 {[%clk 0:01:54]} Bb4
{[%clk 0:03:01]} 9. Qc2 {[%clk 0:01:52]} O-O {[%clk 0:03:00]} 10. Bd3
{[%clk 0:01:52]} a6 {[%clk 0:02:45]} 11. O-O {[%clk 0:01:52]} Bxc3
{[%clk 0:02:44]} 12. bxc3 {[%clk 0:01:52]} h6 {[%clk 0:02:35]} 13. Bh4
{[%clk 0:01:53]} b5 {[%clk 0:02:36]} 14. a4 {[%clk 0:01:53]} b4 {[%clk 0:02:25]}
15. cxb4 {[%clk 0:01:53]} Qxb4 {[%clk 0:02:25]} 16. Rfb1 {[%clk 0:01:53]} Qd6
{[%clk 0:02:25]} 17. Bg3 {[%clk 0:01:53]} Qe7 {[%clk 0:02:24]} 18. Qc6
{[%clk 0:01:51]} Ra7 {[%clk 0:01:54]} 19. Bd6 {[%clk 0:01:48]} Qe8
{[%clk 0:01:55]} 20. Bxf8 {[%clk 0:01:41]} Qxf8 {[%clk 0:01:55]} 21. Rb3
{[%clk 0:01:22]} e5 {[%clk 0:01:47]} 22. Rc1 {[%clk 0:01:21]} Bb7
{[%clk 0:01:29]} 23. Rxb7 {[%clk 0:01:20]} Rxb7 {[%clk 0:01:24]} 24. Qxb7
{[%clk 0:01:21]} exd4 {[%clk 0:01:23]} 25. exd4 {[%clk 0:01:20]} Ne4
{[%clk 0:00:56]} 26. Rc8 {[%clk 0:01:19]} Nxd2 {[%clk 0:00:52]} 27. Rxf8+
{[%clk 0:01:19]} Nxf8 {[%clk 0:00:52]} 28. Qxa6 {[%clk 0:01:10]} Nb3
{[%clk 0:00:52]} 29. Qb6 {[%clk 0:01:09]} Nd2 {[%clk 0:00:51]} 30. a5
{[%clk 0:01:10]} Nc4 {[%clk 0:00:52]} 31. Bxc4 {[%clk 0:01:10]} dxc4
{[%clk 0:00:53]} 32. a6 {[%clk 0:01:11]} c3 {[%clk 0:00:53]} 33. a7
{[%clk 0:01:12]} c2 {[%clk 0:00:54]} 34. Qc5 {[%clk 0:01:12]} Ne6
{[%clk 0:00:53]} 35. Qxc2 {[%clk 0:01:11]} 1-0

[Event "D18blitz"]
[Site "?"]
[Date "2020.08.27"]
[Round "1.3"]
[White "Skiba, Aleksandra"]
[Black "Jarocka, Liwia"]
[Result "0-1"]
[BlackElo "1828"]
[WhiteElo "1495"]
[LiveChessVersion "1.4.4"]

1. d4 {[%clk 0:03:03]} Nf6 {[%clk 0:03:03]} 2. c4 {[%clk 0:03:04]} e6
{[%clk 0:03:05]} 3. Nf3 {[%clk 0:03:05]} d5 {[%clk 0:03:05]} 4. Nc3
{[%clk 0:03:06]} dxc4 {[%clk 0:03:05]} 5. e3 {[%clk 0:03:02]} a6 {[%clk 0:03:06]}
6. Bxc4 {[%clk 0:03:03]} b5 {[%clk 0:03:08]} 7. Bd3 {[%clk 0:03:04]} c5
{[%clk 0:03:09]} 8. dxc5 {[%clk 0:03:02]} Bxc5 {[%clk 0:03:07]} 9. O-O
{[%clk 0:03:02]} Bb7 {[%clk 0:03:01]} 10. Be2 {[%clk 0:02:48]} O-O
{[%clk 0:03:00]} 11. b3 {[%clk 0:02:42]} Nc6 {[%clk 0:03:00]} 12. Bb2
{[%clk 0:02:43]} Rc8 {[%clk 0:02:50]} 13. Rc1 {[%clk 0:02:44]} Ne7
{[%clk 0:02:25]} 14. h3 {[%clk 0:02:18]} Ned5 {[%clk 0:02:16]} 15. Nxd5
{[%clk 0:02:15]} Bxd5 {[%clk 0:02:17]} 16. Bd4 {[%clk 0:01:47]} Bxd4
{[%clk 0:02:10]} 17. Rxc8 {[%clk 0:01:42]} Qxc8 {[%clk 0:02:10]} 18. Qxd4
{[%clk 0:01:28]} Qc2 {[%clk 0:01:54]} 19. Bd3 {[%clk 0:00:58]} Qxa2
{[%clk 0:01:17]} 20. b4 {[%clk 0:00:55]} Bxf3 {[%clk 0:01:05]} 21. gxf3
{[%clk 0:00:52]} Qd5 {[%clk 0:01:07]} 22. Qxd5 {[%clk 0:00:26]} Nxd5
{[%clk 0:01:08]} 23. Ra1 {[%clk 0:00:25]} Nxb4 {[%clk 0:01:07]} 24. Be4
{[%clk 0:00:18]} f5 {[%clk 0:01:02]} 25. Bb7 {[%clk 0:00:17]} Rb8
{[%clk 0:01:02]} 26. Bxa6 {[%clk 0:00:10]} Ra8 {[%clk 0:01:01]} 27. Rb1
{[%clk 0:00:08]} Nxa6 {[%clk 0:01:02]} 28. Rxb5 {[%clk 0:00:09]} Nc7
{[%clk 0:01:01]} 29. Rb6 {[%clk 0:00:08]} Re8 {[%clk 0:00:59]} 30. Kg2
{[%clk 0:00:08]} Nd5 {[%clk 0:01:01]} 31. Rc6 {[%clk 0:00:07]} Kf7
{[%clk 0:01:02]} 32. Ra6 {[%clk 0:00:07]} Kf6 {[%clk 0:01:03]} 33. Ra7
{[%clk 0:00:07]} Re7 {[%clk 0:01:04]} 34. Ra6 {[%clk 0:00:08]} g5
{[%clk 0:01:04]} 35. Kg3 {[%clk 0:00:05]} h5 {[%clk 0:01:02]} 36. Ra5
{[%clk 0:00:04]} f4+ {[%clk 0:01:00]} 37. exf4 {[%clk 0:00:04]} Nxf4
{[%clk 0:01:01]} 38. Rb5 {[%clk 0:00:03]} Ne2+ {[%clk 0:00:56]} 39. Kg2
{[%clk 0:00:04]} Nd4 {[%clk 0:00:56]} 40. Ra5 {[%clk 0:00:05]} Nf5
{[%clk 0:00:57]} 41. Rb5 {[%clk 0:00:06]} Rd7 {[%clk 0:00:57]} 42. Ra5
{[%clk 0:00:05]} Rd5 {[%clk 0:00:59]} 43. Ra6 {[%clk 0:00:07]} Rd3
{[%clk 0:00:59]} 44. Ra5 {[%clk 0:00:06]} Nh4+ {[%clk 0:00:59]} 0-1

[Event "D18blitz"]
[Site "?"]
[Date "2020.08.27"]
[Round "1.4"]
[White "Malicka, Maria"]
[Black "Tomczak, Marta"]
[Result "1-0"]
[BlackElo "1495"]
[WhiteElo "1818"]
[LiveChessVersion "1.4.4"]

1. e4 {[%clk 0:03:03]} c5 {[%clk 0:03:03]} 2. Nf3 {[%clk 0:03:04]} Nc6
{[%clk 0:03:04]} 3. d4 {[%clk 0:03:05]} cxd4 {[%clk 0:03:04]} 4. Nxd4
{[%clk 0:03:06]} Nf6 {[%clk 0:03:05]} 5. Nc3 {[%clk 0:03:07]} d6 {[%clk 0:03:05]}
6. Bg5 {[%clk 0:03:08]} e6 {[%clk 0:02:57]} 7. Qd2 {[%clk 0:03:09]} a6
{[%clk 0:02:58]} 8. O-O-O {[%clk 0:03:03]} Bd7 {[%clk 0:02:52]} 9. f4
{[%clk 0:02:57]} h6 {[%clk 0:02:50]} 10. Bh4 {[%clk 0:02:41]} Nxe4
{[%clk 0:02:29]} 11. Nxe4 {[%clk 0:02:34]} Qxh4 {[%clk 0:02:28]} 12. Nxc6
{[%clk 0:02:34]} Bxc6 {[%clk 0:02:27]} 13. Nxd6+ {[%clk 0:02:34]} Bxd6
{[%clk 0:02:23]} 14. Qxd6 {[%clk 0:02:35]} Rd8 {[%clk 0:02:19]} 15. Qxd8+
{[%clk 0:01:51]} Qxd8 {[%clk 0:02:19]} 16. Rxd8+ {[%clk 0:01:52]} Kxd8
{[%clk 0:02:20]} 17. Rg1 {[%clk 0:01:24]} Ke7 {[%clk 0:02:14]} 18. Bd3
{[%clk 0:01:23]} f5 {[%clk 0:02:07]} 19. g3 {[%clk 0:01:11]} Kf6 {[%clk 0:02:02]}
20. Re1 {[%clk 0:01:12]} Re8 {[%clk 0:02:00]} 21. Re5 {[%clk 0:01:09]} Bd7
{[%clk 0:01:51]} 22. Bc4 {[%clk 0:00:59]} Bc6 {[%clk 0:01:50]} 23. Kd2
{[%clk 0:00:46]} g5 {[%clk 0:01:47]} 24. Ke3 {[%clk 0:00:46]} Bd7
{[%clk 0:01:43]} 25. Bb3 {[%clk 0:00:32]} Rg8 {[%clk 0:01:39]} 26. Kf3
{[%clk 0:00:16]} gxf4 {[%clk 0:01:30]} 27. gxf4 {[%clk 0:00:17]} Bc6+
{[%clk 0:01:30]} 28. Ke3 {[%clk 0:00:17]} Bd7 {[%clk 0:01:26]} 29. Kd3
{[%clk 0:00:06]} Rg2 {[%clk 0:01:22]} 30. Re2 {[%clk 0:00:07]} Rg4
{[%clk 0:01:19]} 31. Ke3 {[%clk 0:00:06]} Bb5 {[%clk 0:01:16]} 32. c4 Bc6
{[%clk 0:01:15]} 33. Bc2 {[%clk 0:00:06]} b5 {[%clk 0:01:08]} 34. Bd3
{[%clk 0:00:07]} b4 {[%clk 0:01:05]} 35. c5 {[%clk 0:00:07]} a5 {[%clk 0:01:04]}
36. Bc4 {[%clk 0:00:08]} Rg2 {[%clk 0:00:59]} 37. Rxg2 {[%clk 0:00:08]} Bxg2
{[%clk 0:00:59]} 38. Kd4 {[%clk 0:00:09]} Bc6 {[%clk 0:00:54]} 39. Be2
{[%clk 0:00:07]} a4 {[%clk 0:00:49]} 40. Kc4 {[%clk 0:00:06]} e5 {[%clk 0:00:46]}
41. fxe5+ {[%clk 0:00:06]} Kxe5 {[%clk 0:00:47]} 42. Kxb4 {[%clk 0:00:07]} f4
{[%clk 0:00:44]} 43. Kc4 {[%clk 0:00:05]} Ke4 {[%clk 0:00:44]} 44. b4
{[%clk 0:00:05]} axb3 {[%clk 0:00:42]} 45. axb3 {[%clk 0:00:06]} Ke3
{[%clk 0:00:43]} 46. Bf1 {[%clk 0:00:04]} f3 {[%clk 0:00:42]} 47. b4
{[%clk 0:00:06]} Kf2 {[%clk 0:00:40]} 48. Bh3 {[%clk 0:00:07]} Kg1
{[%clk 0:00:39]} 49. b5 {[%clk 0:00:07]} Be4 {[%clk 0:00:39]} 50. c6
{[%clk 0:00:07]} f2 {[%clk 0:00:40]} 51. c7 {[%clk 0:00:07]} Bg2 {[%clk 0:00:37]}
52. Bxg2 {[%clk 0:00:06]} Kxg2 {[%clk 0:00:37]} 53. c8=Q {[%clk 0:00:06]} f1=Q+
{[%clk 0:00:37]} 54. Kb4 {[%clk 0:00:07]} Qf4+ {[%clk 0:00:33]} 55. Ka5
{[%clk 0:00:07]} Kxh2 {[%clk 0:00:33]} 56. Qc2+ {[%clk 0:00:06]} Kg3
{[%clk 0:00:33]} 57. Qd3+ {[%clk 0:00:05]} Kg4 {[%clk 0:00:32]} 58. Qd7+
{[%clk 0:00:06]} Kh4 {[%clk 0:00:30]} 59. Qe7+ {[%clk 0:00:07]} Kg4
{[%clk 0:00:29]} 60. Qg7+ {[%clk 0:00:08]} Kf3 {[%clk 0:00:29]} 61. Qc3+
{[%clk 0:00:08]} Kg4 {[%clk 0:00:30]} 62. Qb4 {[%clk 0:00:08]} h5
{[%clk 0:00:28]} 63. Qxf4+ {[%clk 0:00:08]} Kxf4 {[%clk 0:00:28]} 64. b6
{[%clk 0:00:08]} h4 {[%clk 0:00:29]} 65. b7 {[%clk 0:00:10]} h3 {[%clk 0:00:29]}
66. b8=Q+ {[%clk 0:00:10]} Kf3 {[%clk 0:00:28]} 67. Qh2 {[%clk 0:00:11]} 1-0

[Event "D18blitz"]
[Site "?"]
[Date "2020.08.27"]
[Round "1.5"]
[White "Kulpa, Zuzanna"]
[Black "Rudzinska, Michalina"]
[Result "1-0"]
[BlackElo "1804"]
[WhiteElo "1490"]
[LiveChessVersion "1.4.4"]

1. d4 {[%clk 0:03:03]} c5 {[%clk 0:03:03]} 2. d5 {[%clk 0:03:04]} d6
{[%clk 0:03:04]} 3. c4 {[%clk 0:03:05]} e5 {[%clk 0:03:05]} 4. Nc3
{[%clk 0:03:04]} Nf6 {[%clk 0:03:05]} 5. e4 {[%clk 0:03:04]} Be7 {[%clk 0:03:06]}
6. h3 {[%clk 0:03:04]} O-O {[%clk 0:03:05]} 7. Nf3 {[%clk 0:03:05]} Nbd7
{[%clk 0:03:02]} 8. Bd3 {[%clk 0:03:03]} Ne8 {[%clk 0:03:00]} 9. g4
{[%clk 0:03:03]} g6 {[%clk 0:02:57]} 10. Bh6 {[%clk 0:02:58]} Ng7
{[%clk 0:02:58]} 11. Rg1 {[%clk 0:02:40]} Nf6 {[%clk 0:02:57]} 12. Qd2
{[%clk 0:02:38]} Kh8 {[%clk 0:02:56]} 13. O-O-O {[%clk 0:02:34]} a6
{[%clk 0:02:56]} 14. Kb1 {[%clk 0:02:34]} Bd7 {[%clk 0:02:56]} 15. h4
{[%clk 0:02:30]} Bxg4 {[%clk 0:02:47]} 16. Be2 {[%clk 0:02:20]} b5
{[%clk 0:02:41]} 17. Nxe5 {[%clk 0:01:28]} dxe5 {[%clk 0:02:21]} 18. Bxg4
{[%clk 0:01:29]} b4 {[%clk 0:02:15]} 19. Na4 {[%clk 0:01:11]} Nxe4
{[%clk 0:02:14]} 20. Qe2 {[%clk 0:00:59]} f5 {[%clk 0:02:04]} 21. Bxg7+
{[%clk 0:00:55]} Kxg7 {[%clk 0:02:05]} 22. Bxf5 {[%clk 0:00:55]} Rxf5
{[%clk 0:01:59]} 23. Qxe4 {[%clk 0:00:56]} Qd6 {[%clk 0:01:13]} 24. Qxf5
{[%clk 0:00:52]} Rf8 {[%clk 0:01:11]} 25. Qe6 {[%clk 0:00:51]} Qd8
{[%clk 0:01:01]} 26. d6 {[%clk 0:00:43]} Bf6 {[%clk 0:01:00]} 27. Nxc5
{[%clk 0:00:43]} Re8 {[%clk 0:00:57]} 28. Qd5 {[%clk 0:00:44]} e4
{[%clk 0:00:50]} 29. Ne6+ {[%clk 0:00:43]} Rxe6 {[%clk 0:00:45]} 30. Qxe6
{[%clk 0:00:44]} Qb6 {[%clk 0:00:45]} 31. Qxe4 {[%clk 0:00:36]} Qxf2
{[%clk 0:00:43]} 32. Qc2 {[%clk 0:00:37]} Qc5 {[%clk 0:00:39]} 33. d7
{[%clk 0:00:38]} a5 {[%clk 0:00:36]} 34. d8=Q {[%clk 0:00:28]} Bxd8
{[%clk 0:00:35]} 35. Rxd8 {[%clk 0:00:29]} Qxg1+ {[%clk 0:00:35]} 36. Rd1
{[%clk 0:00:24]} 1-0

[Event "D18blitz"]
[Site "?"]
[Date "2020.08.27"]
[Round "1.6"]
[White "Sowa, Wiktoria"]
[Black "Polak, Sylwia"]
[Result "1-0"]
[BlackElo "1481"]
[WhiteElo "1802"]
[LiveChessVersion "1.4.4"]

1. e4 {[%clk 0:03:04]} c5 {[%clk 0:03:03]} 2. Nf3 {[%clk 0:03:05]} e6
{[%clk 0:03:04]} 3. c4 {[%clk 0:03:06]} a6 {[%clk 0:03:05]} 4. Nc3
{[%clk 0:03:07]} Qc7 {[%clk 0:03:06]} 5. Be2 {[%clk 0:03:08]} d6 {[%clk 0:03:05]}
6. O-O {[%clk 0:03:07]} Nf6 {[%clk 0:03:06]} 7. d4 {[%clk 0:03:08]} cxd4
{[%clk 0:03:06]} 8. Nxd4 {[%clk 0:03:09]} b6 {[%clk 0:03:07]} 9. Be3
{[%clk 0:03:06]} Bb7 {[%clk 0:03:08]} 10. f3 {[%clk 0:03:06]} Nbd7
{[%clk 0:03:09]} 11. Qd2 {[%clk 0:03:01]} Be7 {[%clk 0:03:10]} 12. a4
{[%clk 0:02:54]} O-O {[%clk 0:03:10]} 13. a5 {[%clk 0:02:49]} bxa5
{[%clk 0:02:50]} 14. Nb3 {[%clk 0:02:50]} a4 {[%clk 0:02:01]} 15. Nxa4
{[%clk 0:02:46]} Nc5 {[%clk 0:02:02]} 16. Nd4 {[%clk 0:02:24]} e5
{[%clk 0:01:56]} 17. Nf5 {[%clk 0:02:19]} Nb3 {[%clk 0:01:54]} 18. Qb4
{[%clk 0:01:48]} Nxa1 {[%clk 0:01:52]} 19. Rxa1 {[%clk 0:01:48]} Rfe8
{[%clk 0:00:57]} 20. Bb6 {[%clk 0:01:46]} Qc6 {[%clk 0:00:38]} 21. Rd1
{[%clk 0:01:33]} Bf8 {[%clk 0:00:10]} 22. Qb3 {[%clk 0:01:09]} Nd7
{[%clk 0:00:10]} 23. Be3 {[%clk 0:01:00]} Nc5 {[%clk 0:00:10]} 24. Nxc5
{[%clk 0:00:48]} dxc5 {[%clk 0:00:12]} 25. Qc3 {[%clk 0:00:38]} Qc7
{[%clk 0:00:09]} 26. g3 {[%clk 0:00:26]} Red8 {[%clk 0:00:10]} 27. Re1
{[%clk 0:00:26]} g6 {[%clk 0:00:08]} 28. Nh4 {[%clk 0:00:24]} Qe7
{[%clk 0:00:08]} 29. Ng2 {[%clk 0:00:24]} Rac8 {[%clk 0:00:10]} 30. Bd3
{[%clk 0:00:21]} Qd7 {[%clk 0:00:10]} 31. Bc2 {[%clk 0:00:22]} Bg7
{[%clk 0:00:10]} 32. Bg5 {[%clk 0:00:21]} Re8 {[%clk 0:00:10]} 33. Be3
{[%clk 0:00:22]} Qe7 {[%clk 0:00:11]} 34. Rd1 {[%clk 0:00:20]} Rcd8 35. Re1 Rc8
{[%clk 0:00:13]} 36. Rd1 {[%clk 0:00:23]} Rcd8 37. Re1 f6 {[%clk 0:00:14]} 38. b3
{[%clk 0:00:24]} Qe6 {[%clk 0:00:14]} 39. Bxc5 {[%clk 0:00:23]} Qc6
{[%clk 0:00:13]} 40. Be3 {[%clk 0:00:23]} Bf8 {[%clk 0:00:12]} 41. c5
{[%clk 0:00:21]} Rc8 {[%clk 0:00:13]} 42. b4 {[%clk 0:00:22]} Rc7
{[%clk 0:00:12]} 43. Bb3+ {[%clk 0:00:23]} Kg7 {[%clk 0:00:13]} 44. Bd5
{[%clk 0:00:22]} Qb5 {[%clk 0:00:13]} 45. Bc4 {[%clk 0:00:22]} Qc6
{[%clk 0:00:14]} 46. Rd1 {[%clk 0:00:22]} a5 {[%clk 0:00:14]} 47. b5
{[%clk 0:00:20]} Qd7 {[%clk 0:00:05]} 48. Rxd7+ {[%clk 0:00:20]} Rxd7
{[%clk 0:00:06]} 49. c6 {[%clk 0:00:21]} Rd1+ {[%clk 0:00:06]} 50. Kf2
{[%clk 0:00:22]} 1-0

[Event "D18blitz"]
[Site "?"]
[Date "2020.08.27"]
[Round "2.1"]
[White "Kucharska, Honorata"]
[Black "Czarniecka, Aleksandra"]
[Result "0-1"]
[BlackElo "1758"]
[WhiteElo "2038"]
[LiveChessVersion "1.4.4"]

1. d4 Nf6 2. Nf3 g6 3. c4 Bg7 4. Nc3 d6 5. g3 O-O 6. Bg2 Nc6 7. O-O e5 8. d5 Nb8
9. e4 a5 10. a3 Na6 11. Rb1 Bd7 12. b4 axb4 13. axb4 Qc8 14. Be3 b6 15. c5 bxc5
16. bxc5 Nxc5 17. Bxc5 dxc5 18. Nxe5 Nxe4 19. Nxe4 Bxe5 20. Nxc5 Bf5 21. Nd3 Bd6
22. Rc1 Qa6 23. Nc5 Qb5 24. Ne4 Bxe4 25. Bxe4 Ra2 26. Bg2 Bc5 27. Qf3 Qb6 28. h4
Re8 29. h5 Ree2 30. Rxc5 Qxc5 31. h6 Qf8 32. Qf4 Qd6 33. Qd4 Qe5 34. Qb4 Rab2 35.
Qa5 Rb8 36. Qc5 Qd6 37. Qc3 Qe5 38. Qc5 Re8 39. Bf3 Rb2 40. Bg2 Rb6 41. Qc4 g5
42. Qg4 Rxh6 43. Qd7 Qe7 44. Qg4 Rd6 45. f4 h6 46. Kh2 Kg7 47. fxg5 hxg5 48. Rf5
Rh8+ 49. Kg1 Qe1+ 50. Rf1 Qe3+ 51. Rf2 Rf6 52. Bf3 Rb8 53. Kg2 Rb3 54. Qh5 Rd3
55. Qg4 Rd2 56. Rxd2 Qxd2+ 57. Kg1 Qe3+ 58. Kg2 Qd2+ 59. Kg1 Rb6 60. Bg2 Rb1+ 61.
Kh2 Rb2 62. Qe4 Qxg2+ 63. Qxg2 Rxg2+ 64. Kxg2 Kf6 65. Kf3 Ke5 66. Kg4 f6 67. Kh5
Kxd5 68. Kg6 Ke5 0-1

[Event "D18blitz"]
[Site "?"]
[Date "2020.08.27"]
[Round "2.2"]
[White "Furtak, Joanna"]
[Black "Vanduyfhuys, Daria"]
[Result "0-1"]
[BlackElo "1844"]
[WhiteElo "1698"]
[LiveChessVersion "1.4.4"]

1. e4 {[%clk 0:03:02]} c5 {[%clk 0:03:04]} 2. Nf3 {[%clk 0:03:03]} Nc6
{[%clk 0:03:05]} 3. d4 {[%clk 0:03:04]} cxd4 {[%clk 0:03:06]} 4. Nxd4
{[%clk 0:03:05]} e5 {[%clk 0:03:07]} 5. Nb5 {[%clk 0:03:05]} d6 {[%clk 0:03:08]}
6. c4 {[%clk 0:02:58]} Nf6 {[%clk 0:03:07]} 7. N1c3 {[%clk 0:02:58]} a6
{[%clk 0:03:08]} 8. Na3 {[%clk 0:02:59]} Be7 {[%clk 0:03:09]} 9. Be2
{[%clk 0:02:57]} O-O 10. O-O {[%clk 0:02:51]} Be6 {[%clk 0:03:10]} 11. Nc2
{[%clk 0:02:45]} Nd7 {[%clk 0:02:59]} 12. a3 {[%clk 0:02:24]} Nb6
{[%clk 0:02:23]} 13. b3 {[%clk 0:02:08]} Rc8 {[%clk 0:01:59]} 14. Nd5
{[%clk 0:01:51]} Nd7 {[%clk 0:01:56]} 15. Nxe7+ {[%clk 0:01:30]} Qxe7
{[%clk 0:01:57]} 16. b4 {[%clk 0:01:17]} Nb6 {[%clk 0:01:52]} 17. Ne3
{[%clk 0:01:14]} Nd4 {[%clk 0:01:51]} 18. Nd5 {[%clk 0:01:08]} Nxd5
{[%clk 0:01:52]} 19. cxd5 {[%clk 0:00:54]} Nxe2+ {[%clk 0:01:44]} 20. Qxe2
{[%clk 0:00:54]} Bd7 {[%clk 0:01:45]} 21. Re1 {[%clk 0:00:48]} Bb5
{[%clk 0:01:45]} 22. Qg4 {[%clk 0:00:46]} Bd7 {[%clk 0:01:26]} 23. Qg3
{[%clk 0:00:35]} f5 {[%clk 0:01:24]} 24. Bg5 {[%clk 0:00:29]} Qf7
{[%clk 0:01:25]} 25. exf5 {[%clk 0:00:19]} Bxf5 {[%clk 0:01:26]} 26. Rad1
{[%clk 0:00:18]} Rc7 {[%clk 0:01:16]} 27. Be3 {[%clk 0:00:15]} Rfc8
{[%clk 0:01:16]} 28. Bb6 {[%clk 0:00:14]} Rc3 {[%clk 0:01:17]} 29. Qg5
{[%clk 0:00:12]} h6 {[%clk 0:01:15]} 30. Qd2 {[%clk 0:00:10]} Rxa3
{[%clk 0:01:14]} 31. Rc1 {[%clk 0:00:10]} Rxc1 {[%clk 0:01:08]} 32. Rxc1
{[%clk 0:00:11]} Rd3 {[%clk 0:01:08]} 33. Qe2 {[%clk 0:00:07]} Qxd5
{[%clk 0:01:07]} 34. Be3 {[%clk 0:00:06]} Kh7 {[%clk 0:01:00]} 35. h3
{[%clk 0:00:04]} Rb3 {[%clk 0:00:58]} 36. Rd1 {[%clk 0:00:04]} Qc6
{[%clk 0:00:57]} 37. Qd2 {[%clk 0:00:05]} Rd3 {[%clk 0:00:48]} 38. Qe2
{[%clk 0:00:06]} Rxd1+ {[%clk 0:00:40]} 39. Qxd1 {[%clk 0:00:07]} d5
{[%clk 0:00:41]} 40. Qd2 {[%clk 0:00:08]} d4 {[%clk 0:00:41]} 41. g4
{[%clk 0:00:06]} dxe3 {[%clk 0:00:41]} 42. Qxe3 {[%clk 0:00:07]} Bg6
{[%clk 0:00:41]} 43. Qxe5 {[%clk 0:00:07]} Qc1+ {[%clk 0:00:40]} 44. Kh2
{[%clk 0:00:08]} Qd2 {[%clk 0:00:36]} 45. Qc5 {[%clk 0:00:04]} Qe2
{[%clk 0:00:31]} 46. Kg1 {[%clk 0:00:00]} Qf3 {[%clk 0:00:31]} 47. Kf1
{[%clk 0:00:00]} Bd3+ {[%clk 0:00:31]} 48. Kg1 {[%clk 0:00:00]} Be4
{[%clk 0:00:31]} 49. Kf1 {[%clk 0:00:00]} Qd1# {[%clk 0:00:31]} 0-1

[Event "D18blitz"]
[Site "?"]
[Date "2020.08.27"]
[Round "2.3"]
[White "Jarocka, Liwia"]
[Black "Raczykowska, Paulina"]
[Result "0-1"]
[BlackElo "1571"]
[WhiteElo "1828"]
[LiveChessVersion "1.4.4"]

1. e4 {[%clk 0:03:04]} e5 {[%clk 0:03:03]} 2. Nf3 {[%clk 0:03:05]} Nc6
{[%clk 0:03:04]} 3. Nc3 {[%clk 0:03:06]} Nf6 4. Bb5 Bb4 {[%clk 0:03:06]} 5. O-O
{[%clk 0:03:08]} d6 {[%clk 0:03:07]} 6. d3 {[%clk 0:03:09]} h6 {[%clk 0:03:01]}
7. h3 {[%clk 0:02:57]} O-O {[%clk 0:03:01]} 8. Ne2 {[%clk 0:02:58]} Ne7
{[%clk 0:02:57]} 9. Ng3 {[%clk 0:02:49]} c6 {[%clk 0:02:55]} 10. Ba4
{[%clk 0:02:50]} Ng6 {[%clk 0:02:54]} 11. c3 {[%clk 0:02:48]} Ba5
{[%clk 0:02:49]} 12. d4 {[%clk 0:02:42]} exd4 {[%clk 0:02:27]} 13. cxd4
{[%clk 0:02:44]} Re8 {[%clk 0:02:28]} 14. Bc2 {[%clk 0:02:45]} Qc7
{[%clk 0:01:49]} 15. Be3 {[%clk 0:02:41]} Be6 {[%clk 0:01:38]} 16. Rc1
{[%clk 0:02:31]} Rad8 {[%clk 0:01:29]} 17. d5 {[%clk 0:01:51]} Bc8
{[%clk 0:01:18]} 18. Nd4 {[%clk 0:01:48]} Bb6 {[%clk 0:00:47]} 19. dxc6
{[%clk 0:01:41]} bxc6 {[%clk 0:00:40]} 20. Ba4 {[%clk 0:01:38]} Bxd4
{[%clk 0:00:16]} 21. Bxd4 {[%clk 0:01:36]} Re6 {[%clk 0:00:06]} 22. Bxc6
{[%clk 0:01:34]} Qa5 {[%clk 0:00:07]} 23. Bc3 {[%clk 0:01:24]} Qxa2
{[%clk 0:00:05]} 24. Ra1 {[%clk 0:01:11]} Qc4 {[%clk 0:00:06]} 25. Bd5
{[%clk 0:01:05]} Nxd5 {[%clk 0:00:07]} 26. exd5 {[%clk 0:01:07]} Re7
{[%clk 0:00:08]} 27. Ra4 {[%clk 0:01:02]} Qc7 {[%clk 0:00:08]} 28. Ba5
{[%clk 0:01:01]} Qd7 {[%clk 0:00:05]} 29. Bxd8 {[%clk 0:01:02]} Qxd8
{[%clk 0:00:06]} 30. Qd4 {[%clk 0:01:00]} Qc7 {[%clk 0:00:05]} 31. Rc4
{[%clk 0:00:55]} Qd7 {[%clk 0:00:05]} 32. Rfc1 {[%clk 0:00:54]} Ba6
{[%clk 0:00:05]} 33. Rc7 {[%clk 0:00:43]} Qxc7 {[%clk 0:00:06]} 34. Rxc7 Rxc7
{[%clk 0:00:07]} 35. Nf5 {[%clk 0:00:42]} f6 {[%clk 0:00:05]} 36. Nxd6
{[%clk 0:00:41]} Ne5 {[%clk 0:00:04]} 37. Ne4 {[%clk 0:00:33]} Rc4
{[%clk 0:00:04]} 38. Qxa7 {[%clk 0:00:28]} Rxe4 {[%clk 0:00:00]} 39. Qxa6
{[%clk 0:00:28]} 0-1

[Event "D18blitz"]
[Site "?"]
[Date "2020.08.27"]
[Round "2.4"]
[White "Budkiewicz, Magdalena"]
[Black "Malicka, Maria"]
[Result "0-1"]
[BlackElo "1818"]
[WhiteElo "1542"]
[LiveChessVersion "1.4.4"]

1. e4 {[%clk 0:03:03]} c5 2. Nf3 d6 3. d4 cxd4 4. Nxd4 Nf6 {[%clk 0:03:07]} 5.
Bd3 {[%clk 0:03:07]} Nc6 {[%clk 0:02:56]} 6. Nb3 {[%clk 0:03:07]} g6
{[%clk 0:02:51]} 7. Nc3 {[%clk 0:03:05]} Bg7 {[%clk 0:02:52]} 8. O-O
{[%clk 0:03:03]} O-O {[%clk 0:02:52]} 9. Kh1 {[%clk 0:03:02]} d5 {[%clk 0:02:33]}
10. exd5 {[%clk 0:02:54]} Nxd5 {[%clk 0:02:34]} 11. Nxd5 Qxd5 12. c3 Rd8 13. Bc2
{[%clk 0:02:05]} Qb5 {[%clk 0:01:34]} 14. Qe1 {[%clk 0:02:02]} Bf5
{[%clk 0:01:24]} 15. Bxf5 {[%clk 0:01:42]} Qxf5 {[%clk 0:01:25]} 16. Be3
{[%clk 0:01:43]} Qc2 {[%clk 0:01:09]} 17. Qc1 {[%clk 0:01:30]} Qxc1
{[%clk 0:01:01]} 18. Raxc1 {[%clk 0:01:31]} b6 {[%clk 0:00:59]} 19. Rcd1
{[%clk 0:01:20]} Ne5 {[%clk 0:00:53]} 20. Nd4 {[%clk 0:00:45]} Kf8
{[%clk 0:00:48]} 21. b3 {[%clk 0:00:27]} Rac8 {[%clk 0:00:49]} 22. c4
{[%clk 0:00:28]} Ng4 {[%clk 0:00:50]} 23. Kg1 {[%clk 0:00:14]} e5
{[%clk 0:00:40]} 24. Nb5 {[%clk 0:00:14]} Nxe3 {[%clk 0:00:37]} 25. fxe3
{[%clk 0:00:16]} a6 {[%clk 0:00:20]} 26. Nd6 {[%clk 0:00:16]} Rc7
{[%clk 0:00:20]} 27. Ne4 Rcd7 28. Rxd7 Rxd7 29. Kf2 f5 30. Nc3 {[%clk 0:00:11]}
Rd2+ {[%clk 0:00:21]} 31. Kf3 {[%clk 0:00:11]} e4+ {[%clk 0:00:21]} 32. Kf4 Bxc3
33. a3 Kf7 34. b4 {[%clk 0:00:09]} Kf6 0-1